000
00262nam a22001217a 4500
008
170401b xxu||||| |||| 00| 0 eng d
041
_a
eng
080
_2
2ND
_a
574
100
_a
9
101
_a
SHM
245
_a
ENVIRONMENT AND MAN
_c
WAGNER, R.H
942
_2
udc
_c
BK
999
_c
9451
_d
9451